Statistiques concernant Quizz sur Forrest Gump

Cliquez ici pour prendre le quiz!

Statistiques générales

  • Ce quiz a été pris 164 fois
  • Le résultat moyen est 10 sur 15

Statistiques - réponses

QuestionRéponse% Correct
Forrest GumpAvant d'être un film, l'histoire provient d'un ...Livre
98%
Forrest GumpQuel acteur joue Forrest Gump adulte ?Tom Hanks
96%
Forrest GumpQue va t'il faire pendant 3 ans sans s'arrêter ?Courir
88%
Forrest GumpQuelle est la star du rock que Forrest Gump rencontre dans la maison de sa mère durant son enfance ?Elvis Presley
80%
Forrest GumpDurant l'université, il va devenir champion d'un sport, lequel?Football américain
79%
Forrest GumpQuel est la première et la dernière chose que l'on voit dans le film ?Plume
68%
Forrest GumpDe quel état vient Forrest Gump ?Alabama
67%
Forrest GumpQuel est le nom de son lieutenant lors de la guerre au Vietnam ?Dan
67%
Forrest GumpComment s'appelle sa femme ?Jenny
60%
Forrest GumpAvec le lieutenant, il va investir dans une entreprise, laquelle ?Apple
54%
Forrest GumpDurant sa (réponse 12), en s'essuyant son visage plein de boue avec un tee-shirt que va t'il former ?Le smiley
53%
Forrest GumpComment s'appelle son ami fan des crevettes ?Bubba
52%
Forrest GumpQuel est son Q.I ?Inférieur à 75
45%
Forrest GumpSuite à sa mort, quelle est la promesse qu'il va réaliser ?Devenir capitaine d'un crevettier
33%
Forrest GumpDans quelle ville vit-il ?Greenbow
21%

Distribution des résultats

Percentile par nombre de réponses

% des personnes avec chaque résultat

Votre développement - résultats

Vous n’avez pas pris ce quiz